All National Emblems of the World - Statistics

General Stats
  • This quiz has been taken 1,785 times
  • The average score is 101 of 196
Answer Stats
Picture Answer % Correct
Croatia
97%
United States
94%
Egypt
93%
Iceland
93%
Mali
91%
South Korea
88%
Germany
87%
Madagascar
87%
New Zealand
84%
Kosovo
83%
Lebanon
83%
Qatar
82%
Vietnam
81%
Albania
80%
Bosnia & Herzegovina
80%
Nicaragua
80%
Tuvalu
80%
Austria
79%
East Timor
79%
El Salvador
79%
Australia
78%
Mauritania
78%
Serbia
77%
Malta
76%
Rwanda
76%
Costa Rica
75%
Paraguay
75%
Philippines
74%
Switzerland
74%
Cape Verde
73%
Eritrea
73%
Mozambique
73%
Niger
73%
Samoa
73%
United Arab Emirates
73%
Cameroon
72%
F.S. Micronesia
72%
Greece
72%
Ireland
72%
Maldives
72%
Canada
71%
Kenya
71%
Portugal
71%
Syria
71%
Tanzania
71%
Angola
70%
China
70%
Comoros
70%
Ethiopia
70%
Israel
70%
Palau
70%
Slovakia
70%
Tonga
69%
Burkina Faso
68%
Liberia
68%
Mongolia
68%
Taiwan
68%
Brazil
67%
Dominican Republic
67%
Somalia
67%
Marshall Islands
66%
South Sudan
66%
Iraq
65%
Ukraine
65%
Ecuador
64%
Italy
64%
Mexico
64%
Spain
64%
Central African Republic
63%
Iran
63%
Panama
63%
United Kingdom
63%
Kazakhstan
62%
Slovenia
62%
Venezuela
62%
North Korea
61%
Singapore
61%
Turkey
61%
Bahrain
60%
Namibia
60%
Tunisia
60%
Andorra
59%
Kiribati
59%
Laos
59%
Myanmar
59%
India
58%
Kuwait
58%
Uzbekistan
58%
Vatican City
58%
Morocco
57%
Nepal
57%
Uruguay
56%
Afghanistan
55%
Colombia
55%
San Marino
55%
Belize
54%
Belarus
53%
Hungary
53%
Ivory Coast
53%
Poland
53%
Japan
52%
Moldova
52%
Sao Tome & Principe
52%
Togo
52%
Haiti
51%
Pakistan
51%
Argentina
50%
Equatorial Guinea
50%
Thailand
50%
Bhutan
49%
Sri Lanka
49%
Zambia
49%
Oman
48%
Turkmenistan
47%
Zimbabwe
47%
Guatemala
46%
Nauru
46%
Tajikistan
46%
Bolivia
45%
Honduras
45%
Saudi Arabia
45%
Sweden
45%
Belgium
44%
France
44%
Republic of the Congo
44%
Azerbaijan
43%
Algeria
42%
Bulgaria
41%
Cambodia
41%
Czechia
41%
Jordan
41%
Kyrgyzstan
41%
Russia
41%
Yemen
40%
Georgia
39%
Romania
39%
Guinea
38%
Lithuania
37%
Ghana
36%
Papua New Guinea
36%
Eswatini
35%
Gabon
35%
Brunei
34%
Denmark
34%
Luxembourg
34%
Peru
34%
Uganda
34%
Malaysia
33%
Montenegro
33%
Chile
31%
Libya
31%
Botswana
30%
Dominica
30%
Senegal
30%
Estonia
29%
Netherlands
29%
Finland
28%
Norway
28%
Cyprus
27%
Guinea-Bissau
27%
Indonesia
27%
Monaco
27%
Fiji
26%
Liechtenstein
26%
Sudan
26%
Antigua and Barbuda
25%
Lesotho
24%
Bangladesh
23%
Djibouti
22%
Malawi
22%
Mauritius
22%
Trinidad & Tobago
22%
Armenia
21%
Bahamas
21%
Latvia
21%
South Africa
21%
Cuba
20%
Macedonia
20%
D.R. Congo
19%
Chad
18%
Nigeria
18%
Vanuatu
18%
St Vincent and the Grenadines
17%
Burundi
16%
St. Lucia
16%
Suriname
16%
Jamaica
15%
Barbados
14%
Grenada
14%
Seychelles
14%
St. Kitts & Nevis
14%
Benin
13%
Guyana
12%
Gambia
11%
Sierra Leone
11%
Solomon Islands
11%
No matching quizzes found
Score Distribution
Percent of People with Each Score
Percentile by Number Answered
Your Score History
You have not taken this quiz